| 000 | 01224nam a2200325 a 4500 | ||
|---|---|---|---|
| 001 | 000112884 | ||
| 003 | CHAP | ||
| 005 | 20220329144326.0 | ||
| 008 | 170131s2016 mx sm |||||||spa d | ||
| 010 | _a109345 | ||
| 011 | _a110317 | ||
| 040 | _cCHAP | ||
| 090 | _aTesis | ||
| 100 | 1 |
_aDomínguez Dimas, Miguel Ángel _9131419 |
|
| 245 | 1 | 0 |
_aRespuesta a la poda de rejuvenecimiento en chile manzano (Capsicum pubescens R. & P.) injertado sobre CM-334 (Capsicum annuum L.) / _h[En linea] _cpor Miguel Ánguel Domínguez Dimas. |
| 260 |
_aChapingo, Méx. : _bEl autor, _c2016. |
||
| 500 | _aPara ver el contenido del material haga clic en la liga | ||
| 502 | _aTesis (Agr. en Horticultura Protegida) -- UACH. Departamento de Fitotecnia | ||
| 590 |
_aE5765TAJ _b05 _c20170131 _lUCH01 _h1139 |
||
| 590 |
_aE5765TAJ _b05 _c20170131 _lUCH01 _h1145 |
||
| 590 |
_aE5765TAJ _b05 _c20170131 _lUCH01 _h1148 |
||
| 650 | 1 | 4 |
_aChile manzano _xCalidad. _922446 |
| 650 | 1 | 4 |
_aChile manzano _xInjertos. _9127486 |
| 650 | 1 | 4 |
_aChile manzano _xMejoramiento. _922459 |
| 650 | 1 | 4 |
_aChile manzano _xPoda. _922462 |
| 856 |
_aFinding aid _uhttp://10.13.5.2/tesis/sist112884.pdf _zTeclea aquí |
||
| 901 | _aBK | ||
| 942 | _cTESIS | ||
| 942 | _n0 | ||
| 999 |
_c109345 _d109345 |
||